The Estonia Quiz Stats

 Plays Quiz Updated Mar 9, 2020

Support Sporcle.
Go Orange.
Score 0/42 Timer 07:00
3 Plays Today
Hint Answer % Correct
Flag ColorBlue
98.1%
Flag ColorWhite
98%
Flag ColorBlack
96.3%
Independence fromRussia
95.3%
CurrencyEuro
95.2%
Population in Millions (2020)1,228,624
95%
Official LanguageEstonian
94.9%
Nationality (Demonym)Estonian
94.7%
Bordering CountryRussia
94.6%
ContinentEurope
92.6%
Bordering CountryLatvia
92.5%
CapitalTallinn
88.4%
Largest City (~445,000)Tallinn
87.6%
Lowest Point (0 m)Baltic Sea
86.6%
Bordering SeaBaltic Sea
86.5%
Drives on the...Right
83.1%
Official NameRepublic of Estonia
81.4%
Age of Suffrage18
81.2%
Year of Independence1918
77%
Year Joining the European Union2004
76.1%
Largest ReligionOrthodox
75.9%
Hint Answer % Correct
Largest Import OriginFinland
67.5%
Largest Export DestinationFinland
67.5%
Number of Counties15
62.5%
Internet Code.ee
51.3%
Largest UniversityUniversity of Tartu
38.5%
2nd Largest City (~100,000)Tartu
36.2%
3rd Largest City (~55,000)Narva
24.9%
Largest LakeLake Peipus
21.8%
PresidentKersti Kaljulaid
21.4%
Largest CountyPärnu
21.2%
Largest IslandSaaremaa
20.7%
Prime MinisterJüri Ratas
18.8%
Highest Point (318 m)Suur Munamägi (Big Egg Hill)
17.7%
National AnthemMu isamaa, mu õnn ja rõõm
16.5%
National MammalWolf
15.6%
Folk HeroKalevipoeg
15.2%
National FlowerCornflower
13.1%
National BirdBarn swallow
12.6%
National FishBaltic herring
12.3%
National StoneGrey limestone
10.3%
Longest RiverRiver Võhandu
8.8%

From the Vault

US States with Their Capitals on a Map

by Purple_Parrot

Any geography buff should be able to capitalize on this.
Remove Ads.
Support Sporcle.
Get the best of Sporcle when you Go Orange. This ad-free experience offers more features, more stats, and more fun while also helping to support Sporcle. Thank you for becoming a member.

Show Comments

Extras

Top Quizzes Today


Score Distribution

Your Account Isn't Verified!

In order to create a playlist on Sporcle, you need to verify the email address you used during registration. Go to your Sporcle Settings to finish the process.

Report this User

Report this user for behavior that violates our Community Guidelines.

Details: